| 000 | 01324cam a22002533a 4500 | ||
|---|---|---|---|
| 001 | 20146 | ||
| 003 | PGUSA | ||
| 005 | 20140828083427.0 | ||
| 008 | 061220s2006||||xxu|||||s|||||000 | eng d | ||
| 040 |
_aPGUSA _beng |
||
| 042 | _adc | ||
| 050 | 4 | _aTN | |
| 100 | 1 |
_aStrohm, Rufus T. _q(Rufus Tracy), _d1877- |
|
| 245 | 1 | 0 |
_aEngineering Bulletin No 1 : _bBoiler and Furnace Testing _h[electronic resource] / _cRufus T. Strohm |
| 260 |
_bProject Gutenberg, _c2006 |
||
| 505 | 0 | _aTitle Page -- Foreword -- Boiler and Furnace Testing -- Necessity for Testing Boilers -- Weighing the Coal -- Measuring the Feed Water -- Temperature of Feed Water -- Steam Pressure -- Working up the Test -- Boiler Horsepower or Capacity -- Heating Surface -- Cost of Evaporation -- Table of Test Results -- How to Use the Test Results -- Table of Factors of Evaporation -- Table of Factors of Evaporation—Concluded -- Publications on the Utilization of Coal and Lignite -- Publications Available for Free Distribution -- Publications That May Be Obtained Only Through the Superintendent of Documents | |
| 506 | _aPublic domain in the USA. | ||
| 516 | _aElectronic text | ||
| 653 | _aFurnaces | ||
| 653 | _aSteam-boilers -- Testing | ||
| 830 | 0 |
_aProject Gutenberg _v20146 |
|
| 856 | 4 | 0 | _uhttp://www.gutenberg.org/ebooks/20146 |
| 942 | _cEB | ||
| 999 |
_c249401 _d249401 |
||